00593nam a2200205Ia 4500003000900000008004100009040001300050040001300063041000800076100001200084245002400096260002100120260000900141300000800150490001700158490000600175942000700181999001300188952018600201IT-RoPAU120407s9999 xx 000 0 und d aIT-RoPAU cIT-RoPAU aita aAnonimo aLazarillo de Tormes aEdizioni Paoline c1957 c cm a Maestri, 27 v1 cBK c234d234 00102ddc406808_92700000000000071aPAULUSbPAULUSd2012-04-11l0o808.927r2012-04-11 00:00:00w2012-04-11yBKzInserito da: Anna In data: n.d. fondo: Via A.Severo 56 Progr:22813